书目信息 |
| 题名: |
自我为重
|
|
| 作者: | 庞辉 著 | |
| 分册: | ||
| 出版信息: | 北京 中国经济出版社 2005.01 |
|
| 页数: | 277页 | |
| 开本: | 21cm | |
| 丛书名: | 个人能力提高系列 | |
| 单 册: | ||
| 中图分类: | B022 | |
| 科图分类: | ||
| 主题词: | 意识--研究 | |
| 电子资源: | ||
| ISBN: | 7-5017-6610-X | |
| 000 | 00663nam 2200241 450 | |
| 001 | 0132485936 | |
| 005 | 20050901042527.25 | |
| 010 | @a7-5017-6610-X@dCNY24.00 | |
| 100 | @a20050311d2005 km y0chiy0120 ea | |
| 101 | 0 | @achi |
| 102 | @aCN@b110000 | |
| 105 | @ay z 000yy | |
| 200 | 1 | @a自我为重@Azi wo wei zhong@f庞辉著@Fpang hui zhu |
| 210 | @a北京@c中国经济出版社@d2005.01 | |
| 215 | @a277页@d21cm | |
| 225 | 2 | @a个人能力提高系列 |
| 330 | @a本书讲述如何提高自我意识能力。 | |
| 410 | 0 | @12001 @a个人能力提高系列 |
| 606 | 0 | @a意识@x研究 |
| 690 | @aB022@v4 | |
| 701 | 0 | @a庞辉@Apang hui@4著 |
| 801 | 0 | @aCN@bQSSK@c20050901 |
| 905 | @a10447@dB022@eP313 | |
| 自我为重/庞辉著.-北京:中国经济出版社,2005.01 |
| 277页;21cm.-(个人能力提高系列) |
| ISBN 7-5017-6610-X:CNY24.00 |
| 本书讲述如何提高自我意识能力。 |
| ● |
| 相关链接 |
|
|
|
正题名:自我为重
索取号:B022/P313
 
预约/预借
| 序号 | 登录号 | 条形码 | 馆藏地/架位号 | 状态 | 备注 |
| 1 | 567091 | 205670914 | 社科库509/509社科库 7排2列4层/ [索取号:B022/P313] | 在馆 | |
| 2 | 567092 | 205670923 | 社科库509/509社科库 7排2列4层/ [索取号:B022/P313] | 在馆 | |
| 3 | 567093 | 205670932 | 社科库509/509社科库 7排2列4层/ [索取号:B022/P313] | 在馆 |